Представление документа в формате RUSMARC

ПолеНазваниеЗначение
  Тип записи a
  Библиографический уровень m
001 Контрольный номер RU\NLR\BIBL_A\011320152
005 Дата корректировки 20201206205122.4
010 Индекс ISBN __
a ISBN 978-5-8354-1307-2 (в пер.)
d Цена 820-44
100 Данные общей обработки __
a Данные общей обработки 19180412d2017||||||| 0rusy0189 ca
101 Язык документа 0_
a Язык текста rus
102 Страна публикации __
a Страна публикации RU|
105 Кодированные данные (монография) __
a Кодированные данные (монография) y|||j|||000zy
200 Заглавие и сведения об ответственности 1_
a Заглавие Проблемы теории права и правореализации
e Сведения, относящиеся к заглавию учебник : для студентов высших учебных заведений, обучающихся по направлению "Юриспруденция" и специальности "Юриспруденция"
f Первые сведения об ответственности [Л. Т. Бакулина, и др.] ; ответственный редактор Л. Т. Бакулина ; Казанский (Приволжский) федеральный университет
b Общее обозначение материала Текст
210 Выходные данные __
a Место издания Москва
c Издательство Статут
d Дата издания 2017
215 Физическое описание __
a Объем 383 с.
d Формат 22 см
225 Серия __
a Серия Учебник Казанского университета
300 Общие примечания __
a Общие примечания 800 экз.
300 Общие примечания __
a Общие примечания Авторы указаны на с. 9
320 Библиография __
a Библиография Библиография в подстрочном примечании
330 Аннотация __
a Аннотация В учебнике содержатся теоретические знания о наиболее важных для эффективной практической деятельности аспектах: 1) правопонимания, формирования и интерпретации права; 2) понимания, регулирования и реализации субъективного права; 3) ситуационного права и правоотношений в правореализации. Эти знания актуальны как для первоначального (бакалавриат) формирования правосознания юриста, так и для последующего, более углубленного его развития. Они являются методологической основой понимания и исследования фундаментальных и прикладных проблем современной теории и практики. Для студентов вузов юридического профиля по программе академического бакалавриата, а также для магистров, аспирантов и преподавателей.
606 Тематические рубрики __
a Основная рубрика Право
606 Тематические рубрики __
a Основная рубрика Общая теория права
610 Ключевые слова __
a Ключевые слова нормы права
a Ключевые слова правовая политика
a Ключевые слова правовое регулирование
a Ключевые слова правовой статус
a Ключевые слова правовой статус личности
a Ключевые слова правовые нормы
a Ключевые слова правовые проблемы
a Ключевые слова правовые системы
a Ключевые слова правомерное поведение
a Ключевые слова правонарушения
a Ключевые слова правоотношения
a Ключевые слова правоприменительная деятельность
a Ключевые слова правореализационная техника
a Ключевые слова правореализация
a Ключевые слова правосознание
a Ключевые слова проблемы правоведения
a Ключевые слова проблемы теории права
a Ключевые слова реализация права
a Ключевые слова судебное право
a Ключевые слова теория права
a Ключевые слова уровни права
686 Индексы других классификаций __
2 Код системы rubbks
a Классификационный индекс 67.0я73
701 Альтернативная интеллектуальная ответственность _1
a Фамилия Бакулина
b Имя Л. Т.
f Даты 1972-
g Полное личное имя Лилия Талгатовна
4 Код отношения 070
4 Код отношения 340
701 Альтернативная интеллектуальная ответственность _1
a Фамилия Валиев
b Имя Р. Г.
g Полное личное имя Рафаиль Газизуллович
4 Код отношения 070
701 Альтернативная интеллектуальная ответственность _1
a Фамилия Воронин
b Имя М. В.
g Полное личное имя Максим Валерьевич
4 Код отношения 070
701 Альтернативная интеллектуальная ответственность _1
a Фамилия Горшунов
b Имя Д. Н.
4 Код отношения 070
701 Альтернативная интеллектуальная ответственность _1
a Фамилия Губайдуллин
b Имя А. Р.
4 Код отношения 070
701 Альтернативная интеллектуальная ответственность _1
a Фамилия Погодин
b Имя А. В.
4 Код отношения 070
701 Альтернативная интеллектуальная ответственность _1
a Фамилия Решетов
b Имя Ю. С.
4 Код отношения 070
701 Альтернативная интеллектуальная ответственность _1
a Фамилия Сабирова
b Имя Л. Л.
4 Код отношения 070
701 Альтернативная интеллектуальная ответственность _1
a Фамилия Чулюкин
b Имя Л. Д.
4 Код отношения 070
701 Альтернативная интеллектуальная ответственность _1
a Фамилия Шагиева
b Имя Р. В.
4 Код отношения 070
701 Альтернативная интеллектуальная ответственность _1
a Фамилия Шарифуллин
b Имя В. Р.
4 Код отношения 070
701 Альтернативная интеллектуальная ответственность _1
a Фамилия Шигабутдинова
b Имя А. Л.
4 Код отношения 070
711 Наименование организации. (Альтернативная ответственность) __
a Организация/ юрисдикция Казанский (Приволжский) федеральный университет
801 Источник записи _0
a Страна RU
b Организация NLR
c Дата составления 20180412
g Правила каталогизации RCR
801 Источник записи _2
a Страна RU
b Организация Муниципальное бюджетное учреждение культуры "Централизованная библиотечная система" г. Сургут (Центральная городская библиотека им. А. С. Пушкина)
c Дата составления 20180412
852 Данные о местонахождении __
j Шифр хранения 67.0я73
i Авторский знак П 78
901 Тип документа __
t Тип документа m
a Ответственный ООФиК/Волкова
903 Характеристики (МАРС) __
a Дата передачи 20180412
969 Тип издания __
a Тип издания учебник
990 Данные о заказе (DOS) __
j Количество экземпляров (DOS) 2
t N записи в КСУ для И/У (DOS) 201804